Bicycles.

Bibliographic Details
Corporate Author: Malaysia External Trade Development Corporation (MATRADE)
Format: Book
Published: London: MATRADE London, 2009.
Series:Product market study : 2009
Subjects:
LEADER 00487cam a2200157 7i4500
001 0000022702
005 20090604090000.0
090 0 0 |a P 629.2   |b MAL 
110 2 0 |a Malaysia External Trade Development Corporation (MATRADE) 
245 2 0 |a Bicycles. 
260 0 0 |a London:   |b MATRADE London,   |c 2009. 
300 # # |a 29 p. 
440 0 0 |a Product market study : 2009 
650 0 0 |a Bicycles --   |x Markets --   |z United Kingdom  
651 0 0 |a United Kingdom  
999 |a 0000024313  |b Book  |c Products  |e Business Information Centre